00322nam a2200109Ia 4500008004100000041000800041100002300049245006700072260003700139300000900176700002700185250110s9999 xx 000 0 und d aeng aBelapurkar Ruchita aVarsaa : A Center For Cultural Tourism For Maharashtra In Pune bFinal Year B.Arch ID, Punec2014 a125p aGuide Name:Tambe Vinay